Guess the Fusion Rock Song Lyrics #207 - Statistics

General Stats
  • This quiz has been taken 12 times
  • The average score is 227 of 319
Answer Stats
Answer % Correct
all
88%
and
88%
Be
88%
be
88%
can
88%
do
88%
Do
88%
I
88%
it
88%
know
88%
me
88%
my
88%
of
88%
the
88%
way
88%
you
88%
about
75%
always
75%
care
75%
don't
75%
Don't
75%
go
75%
if
75%
I'm
75%
in
75%
Is
75%
it's
75%
I've
75%
like
75%
love
75%
no
75%
say
75%
so
75%
that
75%
then
75%
they
75%
They
75%
to
75%
wanna
75%
want
75%
we
75%
what
75%
with
75%
being
63%
Being
63%
feel
63%
for
63%
gonna
63%
Haven't
63%
heart
63%
leave
63%
let
63%
make
63%
mind
63%
much
63%
never
63%
Or
63%
out
63%
real
63%
really
63%
Smokey Robinson
63%
tell
63%
them
63%
thing
63%
think
63%
this
63%
you'll
63%
your
63%
you're
63%
am
50%
anything
50%
But
50%
change
50%
changes
50%
else
50%
felt
50%
From
50%
off
50%
One
50%
People
50%
start
50%
stay
50%
sure
50%
til
50%
told
50%
avoid
38%
before
38%
beg
38%
blind
38%
break
38%
friends
38%
heard
38%
Honey
38%
leaving
38%
noticed
38%
relations
38%
picture
25%
reputation
25%
scene
25%
screen
25%
voice
25%
warning
25%
No matching quizzes found
Score Distribution
Percent of People with Each Score
Percentile by Number Answered
Your Score History
You have not taken this quiz